000 00584nam a2200205 i 4500
001 77766
003 ES-MaACL
005 20230906173352.0
007 t|
008 041108s1935 sp ||||1| spa d
080 _a820(73)-31"19"
100 1 _aCharteris, Leslie.
_938137
245 1 0 _aAlias el "Santo"
_b: = (alias the Saint) /
_cLeslie Charteris.
260 _aBarcelona :
_bJuventud,
_c1935.
300 _a80 p. ;
_c24 cm.
490 1 _aLa novela azul ;
_v14
830 0 _aLa novela azul ;
_v14
_9231360
852 _aES-MaACL
_jE-10278
_bR.133722
999 _c77766
_d77766